Statystyki dla TOP 10 piosenek - Sokół

Kliknij tutaj aby rozwiązać quiz!

Ogólne statystyki

  • Ten quiz został rozwiązany 38 razy
  • Średni wynik to 2 z 10

Statystyki odpowiedzi

#viewsutwór% Poprawnych
243 mlnW aucie
72%
157 mlnChcemy być wyżej
68%
421 mlnNapad na Bankiet
56%
1013 mlnMogę wszystko
16%
517 mlnSen
12%
715 mlnA pamiętasz jak
8%
616 mlnPoczekalnia dusz
8%
324 mlnŻycie Warszawy 2
8%
913 mlnI żeby było normalnie
0%
813 mlnNie bój się zmiany na lepsze
0%

Rozkład punktacji

Percentyl według liczby udzielonych odpowiedzi

Procent ludzi z każdym wynikiem

Twoja historia wyników

Nie rozwiązałeś tego quizu